00372nam a2200145Ia 4500003000900000008004100009040001600050080001600066100002100082245004200103260003000145300001400175650001600189650002100205IN-BaIIA211028s9999 xx 000 0 eng d cIIA Library a523.43bLOW aLowell, Percival 0aMars and its canalscPercival Lowell aNew YorkbMacmillanc1907 axv, 393p. aPlanet Mars aPlanetary System